L'ile et une nuit : (Record no. 70703)

MARC details
000 -LEADER
campo de control de longitud fija 00615cam a2200253 a 4500
001 - NÚMERO DE CONTROL
campo de control 61258
005 - FECHA Y HORA DE LA ÚLTIMA TRANSACCIÓN
campo de control 20230410124102.0
008 - DATOS DE LONGITUD FIJA--INFORMACIÓN GENERAL
campo de control de longitud fija 951024s1995 fr 000 1 fre c
035 ## - NÚMERO DE CONTROL DEL SISTEMA
-- (DLC) 95217809
035 ## - NÚMERO DE CONTROL DEL SISTEMA
Número de control de sistema 2100350
010 ## - NÚMERO DE CONTROL DE LA BIBLIOTECA DEL CONGRESO
Número de control de LC 95217809
020 ## - NÚMERO INTERNACIONAL ESTÁNDAR DEL LIBRO
Número Internacional Estándar del Libro 2020257599
040 ## - FUENTE DE CATALOGACIÓN
Centro catalogador/agencia de origen CtY
Centro/agencia transcriptor CtY
Centro/agencia modificador DLC
042 ## - CÓDIGO DE AUTENTICACIÓN
Código de autenticación lcnccp
082 00 - NÚMERO DE LA CLASIFICACIÓN DECIMAL DEWEY
Número de clasificación 843
Número de edición 20
050 14 - SIGNATURA TOPOGRÁFICA DE LA BIBLIOTECA DEL CONGRESO
Número de clasificación M464i 1995
100 1# - ENTRADA PRINCIPAL--NOMBRE DE PERSONA
Nombre de persona Maximin, Daniel,
Fechas asociadas al nombre 1947-
245 12 - MENCIÓN DEL TÍTULO
Título L'ile et une nuit :
Resto del título roman /
Mención de responsabilidad, etc. Daniel Maximin.
260 ## - PUBLICACIÓN, DISTRIBUCIÓN, ETC.
Lugar de publicación, distribución, etc. Paris :
Nombre del editor, distribuidor, etc. Seuil,
Fecha de publicación, distribución, etc. c1995.
300 ## - DESCRIPCIÓN FÍSICA
Extensión 171 p. ;
Dimensiones 21 cm.
942 ## - ELEMENTOS DE ENTRADA SECUNDARIOS (KOHA)
Fuente del sistema de clasificación o colocación Clasificación de Library of Congress
Tipo de ítem Koha
922 ## -
-- ap
946 ## - PROCESAMIENTO DE INFORMACIÓN LOCAL (OCLC)
a lmminaya
Holdings
Estatus retirado Estado de pérdida Fuente del sistema de clasificación o colocación Estado de daño No para préstamo Colección Biblioteca de origen Biblioteca actual Ubicación en estantería Fecha de adquisición Serial enumeration / chronology Signatura topográfica completa Código de barras Visto por última vez Copia número Tipo de ítem Koha
    Clasificación de Library of Congress     Humanidades Biblioteca Juan Bosch Biblioteca Juan Bosch Humanidades (4to. Piso) 10/04/2023 3 M464i 1995 00000059928 25/10/2018 1